[Event "CRO-chT U20 30th"]
[Site "Rabac"]
[Date "2021.04.08"]
[Round "5.1"]
[White "Alfirevic, Duje"]
[Black "Kovac, Petar"]
[Result "1/2-1/2"]
[WhiteElo "1996"]
[BlackElo "2089"]
[PlyCount "62"]
[EventDate "2021.04.06"]
[EventType "team-tourn"]
[EventRounds "11"]
[EventCountry "CRO"]
[SourceTitle "CBM 201 Extra"]
[Source "ChessBase"]
[SourceDate "2021.05.31"]
[SourceVersion "1"]
[SourceVersionDate "2021.05.31"]
[SourceQuality "1"]
[WhiteTeam "Sesvete Agroproteinka U20"]
[BlackTeam "Zupanja U20"]
[WhiteTeamCountry "CRO"]
[BlackTeamCountry "CRO"]

1. e4 e6 2. d4 d5 3. Nd2 c5 4. Ngf3 cxd4 5. exd5 Qxd5 6. Bc4 Qd7 7. 0-0 Nc6 8. Nb3 Nf6 9. Nbxd4 Nxd4 10. Nxd4 a6 11. c3 Qc7 12. Bb3 Bd6 13. h3 0-0 14. Bg5 Ne4 15. Bh4 e5 16. Nf3 Bf5 17. Bc2 Bg6 18. Re1 Nf6 19. Bxf6 gxf6 20. Nh4 Bc5 21. Qg4 Kh8 22. Nf5 Qb6 23. Re2 a5 24. h4 h5 25. Qf3 Qxb2 26. Rae1 Qxa2 27. Ng3 Qe6 28. Bf5 Qc6 29. Be4 Qe6 30. Bf5 Qc6 31. Be4 Qe6 1/2-1/2

[Event "CRO-ch U15"]
[Site "Trogir"]
[Date "2020.08.28"]
[Round "7"]
[White "Kovac, Petar"]
[Black "Dumancic, Simun"]
[Result "1-0"]
[WhiteElo "1949"]
[BlackElo "1918"]
[PlyCount "73"]
[EventDate "2020.08.24"]
[EventType "swiss"]
[EventRounds "9"]
[EventCountry "CRO"]
[SourceTitle "CBM 198 Extra"]
[Source "ChessBase"]
[SourceDate "2020.11.30"]
[SourceVersion "1"]
[SourceVersionDate "2020.11.30"]
[SourceQuality "1"]

1. e4 c5 2. c4 Nc6 3. Nc3 g6 4. g3 Bg7 5. Bg2 Nf6 6. Nge2 0-0 7. d3 d6 8. 0-0 Ne8 9. a3 Nc7 10. Rb1 a5 11. h3 Ne6 12. Bd2 Ned4 13. f4 Bd7 14. Kh2 a4 15. g4 f5 16. exf5 gxf5 17. g5 Nxe2 18. Nxe2 e5 19. Ng3 Be6 20. Nh5 Qe7 21. Bxc6 bxc6 22. Nxg7 Kxg7 23. Bc3 Kg8 24. Rg1 Bf7 25. Qe2 e4 26. h4 Rae8 27. Rbe1 Qe6 28. g6 Bxg6 29. h5 Kf7 30. hxg6+ hxg6 31. dxe4 Qxe4 32. Qf1 Qc2+ 33. Rg2 Rxe1 34. Qxe1 Qd3 35. Re2 Kg8 36. Re7 Qc2+ 37. Kg1 1-0

[Event "CRO-ch U15"]
[Site "Trogir"]
[Date "2020.08.27"]
[Round "6"]
[White "Damjanovic, Stjepan"]
[Black "Kovac, Petar"]
[Result "0-1"]
[WhiteElo "1922"]
[BlackElo "1949"]
[PlyCount "130"]
[EventDate "2020.08.24"]
[EventType "swiss"]
[EventRounds "9"]
[EventCountry "CRO"]
[SourceTitle "CBM 198 Extra"]
[Source "ChessBase"]
[SourceDate "2020.11.30"]
[SourceVersion "1"]
[SourceVersionDate "2020.11.30"]
[SourceQuality "1"]

1. e4 e6 2. d4 d5 3. Nc3 Bb4 4. exd5 exd5 5. Bd3 Nf6 6. Nge2 c6 7. 0-0 0-0 8. Ng3 Bg4 9. Nce2 Re8 10. f3 Be6 11. Bf4 Bd6 12. Qd2 c5 13. dxc5 Bxc5+ 14. Kh1 Nc6 15. c3 a6 16. Rad1 Rc8 17. Bb1 Qd7 18. Qd3 g6 19. Bg5 Ne5 20. Qd2 Qd8 21. Qf4 Ned7 22. Nd4 Be7 23. Rfe1 Nh5 24. Bxe7 Nxf4 25. Bxd8 Rcxd8 26. Nf1 Nb6 27. g3 Nh5 28. Nd2 Na4 29. Bc2 Nxb2 30. Rb1 Nc4 31. Nxc4 dxc4 32. Rxb7 Rd6 33. Rb4 Nf6 34. Kg1 Rc8 35. Be4 Bd5 36. Kf2 Kg7 37. h3 h5 38. Ra4 Nd7 39. Re2 Bxe4 40. fxe4 Ne5 41. Ra5 Nd3+ 42. Ke3 Re8 43. g4 hxg4 44. hxg4 Rh8 45. Ra4 Rh3+ 46. Kd2 Ne5 47. Kc2 Nxg4 48. Ra5 Rd3 49. Kc1 Rxc3+ 50. Kb2 Rd3 51. Nc2 Rb6+ 52. Kc1 c3 53. Rd5 Ne5 54. Ne1 Rxd5 55. exd5 Nc4 56. Rc2 Ne3 57. Rxc3 Nxd5 58. Ra3 f5 59. Nd3 g5 60. Kd2 f4 61. Ra5 Rd6 62. Ke2 Nc3+ 63. Kd2 Ne4+ 64. Kc2 Kf6 65. Ra4 Rxd3 0-1

[Event "CRO-ch U15"]
[Site "Trogir"]
[Date "2020.08.24"]
[Round "1"]
[White "Sergo, Jordan"]
[Black "Kovac, Petar"]
[Result "0-1"]
[WhiteElo "1421"]
[BlackElo "1949"]
[PlyCount "144"]
[EventDate "2020.08.24"]
[EventType "swiss"]
[EventRounds "9"]
[EventCountry "CRO"]
[SourceTitle "CBM 198 Extra"]
[Source "ChessBase"]
[SourceDate "2020.11.30"]
[SourceVersion "1"]
[SourceVersionDate "2020.11.30"]
[SourceQuality "1"]

1. d4 d5 2. c4 e6 3. Nc3 Be7 4. cxd5 exd5 5. Nf3 c6 6. Bf4 Nf6 7. e3 Bf5 8. Bd3 Bxd3 9. Qxd3 0-0 10. 0-0 Na6 11. Rfd1 Nc7 12. Rac1 Re8 13. a3 Bd6 14. Bxd6 Qxd6 15. Ne2 Ne4 16. Ng3 Qf6 17. Rc2 Ne6 18. Nxe4 dxe4 19. Qxe4 Nxd4 20. Rxd4 Rxe4 21. Rxe4 Qg6 22. Rec4 Rd8 23. Rc1 Qd3 24. h3 g6 25. R4c2 Qe4 26. Kh2 Qe7 27. Re2 Qc7+ 28. Kg1 Qb6 29. Rec2 c5 30. Kh1 Qb3 31. Nd2 Qa4 32. Rc4 Qb5 33. R4c2 Qe2 34. Nf3 Rd1+ 35. Kh2 Qf1 36. Rxd1 Qxd1 37. Rd2 Qc1 38. Kg3 b5 39. Kf4 a5 40. Ke5 Kg7 41. Kf4 a4 42. Kg3 b4 43. axb4 cxb4 44. Re2 b3 45. Nd4 Qc4 46. Kf3 h5 47. h4 f6 48. Kf4 Qd5 49. Kg3 Qd7 50. f3 g5 51. hxg5 fxg5 52. Rd2 Kg6 53. Kh2 Qd6+ 54. Kh1 h4 55. Re2 a3 56. bxa3 Qxa3 57. Nxb3 Qxb3 58. Kg1 Qd1+ 59. Kf2 Qh1 60. Re1 Qh2 61. Kf1 Qg3 62. f4 gxf4 63. exf4 Qxf4+ 64. Kg1 Qg3 65. Re2 h3 66. Kh1 Kf5 67. Kg1 Qd3 68. Rf2+ Kg5 69. gxh3 Qxh3 70. Rf1 Qg3+ 71. Kh1 Kh4 72. Rf2 Kh3 0-1

[Event "CRO-ch U17"]
[Site "Vinkovci"]
[Date "2020.08.02"]
[Round "8"]
[White "Mazuran, Gabrijel"]
[Black "Kovac, Petar"]
[Result "1/2-1/2"]
[WhiteElo "2053"]
[BlackElo "1949"]
[PlyCount "34"]
[EventDate "2020.07.28"]
[EventType "swiss"]
[EventRounds "9"]
[EventCountry "CRO"]
[SourceTitle "EXT 2021"]
[Source "ChessBase"]
[SourceDate "2020.10.23"]
[SourceVersion "1"]
[SourceVersionDate "2020.10.23"]
[SourceQuality "1"]

1. d4 d5 2. Nf3 Nf6 3. c4 e6 4. g3 Be7 5. Bg2 0-0 6. 0-0 dxc4 7. Qc2 a6 8. a4 Bd7 9. Ne5 Bc6 10. Nxc6 Nxc6 11. e3 Na5 12. Nd2 c5 13. Nxc4 cxd4 14. Nxa5 Qxa5 15. Bxb7 Rab8 16. Bf3 Rfc8 17. Qe2 Bc5 1/2-1/2

[Event "CRO-ch U17"]
[Site "Vinkovci"]
[Date "2020.08.01"]
[Round "6"]
[White "Troselj, Ivan"]
[Black "Kovac, Petar"]
[Result "0-1"]
[WhiteElo "1857"]
[BlackElo "1949"]
[PlyCount "124"]
[EventDate "2020.07.28"]
[EventType "swiss"]
[EventRounds "9"]
[EventCountry "CRO"]
[SourceTitle "EXT 2021"]
[Source "ChessBase"]
[SourceDate "2020.10.23"]
[SourceVersion "1"]
[SourceVersionDate "2020.10.23"]
[SourceQuality "1"]

1. e4 e6 2. d4 d5 3. exd5 exd5 4. Nf3 Nc6 5. Bb5 Bd6 6. c4 dxc4 7. d5 a6 8. Ba4 b5 9. dxc6 bxa4 10. 0-0 Ne7 11. Qxa4 0-0 12. Nbd2 Rb8 13. a3 c3 14. bxc3 Bf5 15. Nd4 Bd3 16. Re1 Nd5 17. N2f3 Qf6 18. Bg5 Qg6 19. Qa5 Bc4 20. Bh4 Rb2 21. Bg3 h6 22. Rad1 Ra2 23. Ne5 Bxe5 24. Bxe5 Rb8 25. Qc5 Rxf2 26. Kxf2 Rb2+ 27. Ne2 Bxe2 28. Rxe2 Qf5+ 29. Kg1 Rxe2 30. Bg3 Rxg2+ 31. Kh1 Rxg3 32. Qxd5 Qxd5+ 33. Rxd5 Rxc3 34. Rd8+ Kh7 35. Rd7 Rxc6 36. Rxf7 Rc2 37. Rf4 Rc5 38. Ra4 a5 39. Kg2 Kg6 40. Kf3 Kf5 41. Rf4+ Ke6 42. Ra4 Kd5 43. h4 g5 44. hxg5 hxg5 45. Ke2 Kc6 46. Kd3 Rd5+ 47. Kc3 Rf5 48. Rg4 Kb6 49. Kb3 Kc5 50. Kc3 Kd5 51. Ra4 Kd6 52. Kd2 Re5 53. Rg4 Ke6 54. Rc4 Kf5 55. Rxc7 Kf4 56. Rf7+ Kg3 57. Kd3 g4 58. Kd4 Rb5 59. Kc4 Rh5 60. Kd4 Kh2 61. Rg7 g3 62. Ke3 g2 0-1

[Event "CRO-ch U17"]
[Site "Vinkovci"]
[Date "2020.07.30"]
[Round "4"]
[White "Kovac, Petar"]
[Black "Levacic, Matej"]
[Result "0-1"]
[WhiteElo "1949"]
[BlackElo "2040"]
[PlyCount "156"]
[EventDate "2020.07.28"]
[EventType "swiss"]
[EventRounds "9"]
[EventCountry "CRO"]
[SourceTitle "EXT 2021"]
[Source "ChessBase"]
[SourceDate "2020.10.23"]
[SourceVersion "1"]
[SourceVersionDate "2020.10.23"]
[SourceQuality "1"]

1. d4 Nf6 2. c4 e6 3. Nf3 d5 4. g3 Bb4+ 5. Bd2 Bd6 6. Bg2 0-0 7. 0-0 c6 8. Qc2 Nbd7 9. Rd1 Ne4 10. Bf4 Bxf4 11. gxf4 b6 12. Nc3 Nxc3 13. bxc3 Qc7 14. cxd5 cxd5 15. e3 Ba6 16. Rac1 Rac8 17. Kh1 Nf6 18. Nd2 Qe7 19. Qa4 Be2 20. Re1 Bd3 21. Qb4 Rfe8 22. Bf1 Ng4 23. Qxe7 Rxe7 24. f3 Bxf1 25. fxg4 Bd3 26. e4 dxe4 27. Nxe4 Rec7 28. Nd6 Rd8 29. Ne4 Rc6 30. Nf2 Bc4 31. a3 Bd5+ 32. Kg1 Rdc8 33. Re3 Rc4 34. Rd3 Kf8 35. h3 h6 36. Kh2 g5 37. Kg3 b5 38. fxg5 hxg5 39. Nd1 Be4 40. Re3 f5 41. gxf5 exf5 42. Kh2 Rxd4 43. Nf2 Rd2 44. Kg1 Bb7 45. Rce1 Rcd8 46. Re6 R2d6 47. R6e5 Rd5 48. Re6 Bc8 49. Rg6 f4 50. Rc6 a5 51. Rb6 Bd7 52. Ra6 a4 53. Rb6 Re8 54. Rxe8+ Kxe8 55. Ne4 Ke7 56. Nf2 Rc5 57. Rb7 Rxc3 58. Ne4 Rxa3 59. Nc5 Ra1+ 60. Kf2 Rd1 61. Nxd7 Rxd7 62. Rxb5 Kf6 63. Ra5 Rd4 64. Kg2 Rd2+ 65. Kg1 Rd3 66. Ra6+ Kf5 67. Ra5+ Kf6 68. Ra6+ Kg7 69. Rxa4 Rxh3 70. Ra6 Rh6 71. Ra7+ Kg6 72. Kf2 Rh3 73. Ra8 Kf5 74. Kg2 Rb3 75. Ra2 g4 76. Ra4 Rb2+ 77. Kg1 f3 78. Kf1 Kg5 0-1